| 000 | 02287cam a22005774a 4500 | ||
|---|---|---|---|
| 001 | muse85029 | ||
| 003 | MdBmJHUP | ||
| 005 | 20210127151635.0 | ||
| 006 | m o d | ||
| 007 | cr||||||||nn|n | ||
| 008 | 000905s2000 mx o 00 0 spa d | ||
| 020 | _a9786076289884 | ||
| 020 | _z9681209702 | ||
| 020 | _z9789681209704 | ||
| 035 | _a(OCoLC)1151420680 | ||
| 040 |
_aMdBmJHUP _cMdBmJHUP |
||
| 245 | 0 | 0 |
_aMéxico-Estados Unidos-Canadá _b1997-1998 / _cBernardo Mabire, editor. |
| 250 | _a1. ed. | ||
| 264 | 1 | _bEl Colegio de Mexico, | |
| 264 | 3 | _bProject MUSE, | |
| 300 | _a1 online resource (339 p.) | ||
| 490 | 0 | _aColección Mexico, Estados Unidos, Canadá | |
| 506 | 0 |
_aOpen Access _fUnrestricted online access _2star |
|
| 588 | _aDescription based on print version record. | ||
| 651 | 0 |
_aUnited States. _2fast _0(OCoLC)fst01204155 |
|
| 651 | 0 |
_aMexico. _2fast _0(OCoLC)fst01211700 |
|
| 651 | 0 |
_aCanada. _2fast _0(OCoLC)fst01204310 |
|
| 651 | 0 |
_aEstados Unidos _xPolítica y gobierno. |
|
| 651 | 0 |
_aMexico _xRelaciones internacionales. |
|
| 651 | 0 |
_aCanadá _xRelaciones internacionales _zEstados Unidos. |
|
| 651 | 0 |
_aEstados Unidos _xRelaciones internacionales _zCanadá |
|
| 651 | 0 |
_aCanadá _xRelaciones internacionales _zMexico. |
|
| 651 | 0 |
_aMexico _xRelaciones internacionales _zCanadá |
|
| 651 | 0 |
_aUnited States _xForeign relations _y1993-2001. |
|
| 651 | 0 | _aCanada. | |
| 651 | 0 |
_aMexico _xForeign relations _y1988-2000. |
|
| 650 | 0 | 0 |
_aRelaciones economicas internacionales de Mexico. _2tesbhaecid |
| 650 | 0 | 0 |
_aRelaciones economicas internacionales de Estados Unidos. _2tesbhaecid |
| 650 | 0 | 0 |
_aRelaciones economicas internacionales de Cañada. _2tesbhaecid |
| 650 | 0 |
_aDiplomatic relations. _2fast _0(OCoLC)fst01907412 |
|
| 610 | 2 | 7 |
_aAcuerdo de Libre Comercio Mexico Estados Unidos Cañada. _2tesbhaecid |
| 655 | 7 |
_aElectronic books. _2local |
|
| 700 | 1 |
_aMabire, Bernardo, _eed. |
|
| 710 | 2 |
_aProject Muse. _edistributor |
|
| 830 | 0 | _aBook collections on Project MUSE. | |
| 856 | 4 | 0 |
_zFull text available: _uhttps://muse.jhu.edu/book/74706/ |
| 999 |
_c26511 _d26511 |
||